| 000 | 00583nam a2200181 a 4500 | ||
|---|---|---|---|
| 005 | 20140412111242.0 | ||
| 008 | 010727s19uu xx 00 eng d | ||
| 020 | _a983-878-934-8 | ||
| 050 |
_aER _bAl315 1996 |
||
| 100 | _aBraybrooks, Ann | ||
| 245 |
_aAladdin: the cave of wonders / _cadapted by Ann Braybrooks ; illustrated by Phil Ortiz and Darrell Baker. |
||
| 260 |
_aMalaysia : _bPenerbitan Pelangi Sdn. Bhd, _c1996. |
||
| 300 | _a32 p. ; ill. | ||
| 440 | _aPelangi Young Reader | ||
| 650 |
_aAdventures _xFiction |
||
| 650 |
_aChildren stories _xFiction |
||
| 999 |
_c102763 _d102763 |
||